Journey Through Indian Art & Culture : For UPSC Civil Services and State Services Examinations 2025 (Record no. 750188)

MARC details
000 -LEADER
fixed length control field 00415 a2200133 4500
020 ## - INTERNATIONAL STANDARD BOOK NUMBER
ISBN 9789357468558
084 ## - OTHER CLASSIFICATION NUMBER
Source of Number CC
Classification number zobT:5(N20aY:1),5
100 ## - MAIN ENTRY--AUTHOR NAME
Personal name NEERAJ RAO & ANUTOSH
245 ## - TITLE STATEMENT
Title Journey Through Indian Art & Culture : For UPSC Civil Services and State Services Examinations 2025
260 ## - PUBLICATION, DISTRIBUTION, ETC. (IMPRINT)
Name of publisher Wiley India Pvt Ltd,
Year of publication 2024,
Place of publication New Delhi
300 ## - PHYSICAL DESCRIPTION
Number of Pages 603p,
942 ## - ADDED ENTRY ELEMENTS (KOHA)
Koha item type Reference
Source of classification or shelving scheme Colon Classification
Holdings
Withdrawn status Lost status Source of classification or shelving scheme Damaged status Not for loan Collection code Home Library Current Location Shelving location Date acquired Source of acquisition Cost, normal purchase price Full call number Accession Number Cost, replacement price Price effective from Koha item type
    Colon Classification     Reference Kerala University Library Kerala University Library Reference 28/07/2025 1 656.25 zobT:5(N20aY:1),5 R4 (R) 325089 875.00 28/07/2025 Reference
    Dewey Decimal Classification   Not For Loan Non-fiction Study Centre Alappuzha, University of Kerala Study Centre Alappuzha, University of Kerala   15/09/2025 MBC/0333/2025 dated 12/09/2025 875.00 709.54 RAO/IN USCA6433   03/11/2025 Reference